000 00629nam a22002417a 4500
003 UA-OsUOA
001 98181
007 ta
008 20130410b un ||||| |||| 00| 0 ukr d
100 _aЗарівна Т. П.
090 _a821.161.2
_bЗ-34
942 _cBK
040 _aUA-OsUOA
_bukr
_cUA-OsUOA
_dUA-OsUOA
245 _aДійство на крузі
_bпоезії
300 _a64 с.
955 _a3
041 _aukr
080 _a821.161.2
020 _a5-7720-0580-4
260 _aК.
_bМолодь
_c1991
650 7 _a82 Література. Літературознавство
_2UDC
999 _c384341
_d384341